• 首页
  • 本馆介绍
  • 公告通知
  • 最新文献
  • 馆藏检索
  • 电子资源
  • 读者导购
  • 参考咨询
  • 我的图书馆
  • 登录
  • 详细信息显示
  • 放入我的书架
  • 预约/预借图书
  • 作者相关作品
  • 分类相关作品
  • 丛书相关作品
  • 出版社相关作品

书目信息

  • 表格格式
  • 工作单格式
  • 卡片格式
题名:
旅游地理学
    
 
作者: 吴国清 主编
分册:  
出版信息: 福州   福建人民出版社  2007
页数: 299页
开本: 24cm
丛书名:
单 册:
中图分类: F591.99
科图分类:
主题词: 旅游地理学--高等学校--教材 , 旅游地理学
电子资源:
ISBN: 978-7-211-05425-1
000 00793nam0 2200241 450
001 1134346853
005 20111005093312.79
010    @a978-7-211-05425-1@dCNY30.00
100    @a20070318d2007 em y0chiy50 ea
101 0  @achi
102    @aCN@b350000
105    @ay z 000yy
200 1  @a旅游地理学@Alv you di li xue@f吴国清主编
210    @a福州@c福建人民出版社@d2007
215    @a299页@d24cm
300    @a21世纪大学旅游教材(第一辑)/沈祖祥主编
330    @a本教材共分10章,具体内容包括:旅游地理学发展简史、旅游客流空间格局、旅游景观形成机理、旅游资源评价保护、旅游交通与路线等。
606 0  @a旅游地理学@x高等学校@j教材
606 0  @a旅游地理学
690    @aF591.99@v4
701  0 @a吴国清@Awu guo qing@f(1964~)@4主编
801  0 @aCN@bNLC@c20101222
905    @a10447@dF591.99@eJY41
    
    旅游地理学/吴国清主编.-福州:福建人民出版社,2007
    299页;24cm
    21世纪大学旅游教材(第一辑)/沈祖祥主编
    
    ISBN 978-7-211-05425-1:CNY30.00
    本教材共分10章,具体内容包括:旅游地理学发展简史、旅游客流空间格局、旅游景观形成机理、旅游资源评价保护、旅游交通与路线等。
●
相关链接 在E读中查询图书 在五车中查询图书 在当当中查询图书 在豆瓣中查询图书


正题名:旅游地理学     索取号:F591.99/JY41         预约/预借

序号 登录号 条形码 馆藏地/架位号 状态 备注
1 7813996   278139961   学院路分馆/ [索取号:F591.99/JY41] 在馆    
2 7813997   278139970   学院路分馆/ [索取号:F591.99/JY41] 在馆    
唐山师范学院图书馆 欢迎您!
大连网信软件有限公司© 版权所有